Sketsa Semalam
| Main Author: | |
|---|---|
| Format: | Book |
| Published: |
Kuala Lumpur :
DBP ,
1991
|
| Series: | Novel remaja
|
| Subjects: |
MARC
| LEADER | 00000cam a2200000 7i4500 | ||
|---|---|---|---|
| 001 | 0000007645 | ||
| 002 | 000008213 | ||
| 005 | 20011207.0 | ||
| 020 | |a 9836220697 | ||
| 090 | 0 | 0 | |a F |b ZAH |
| 100 | 0 | |a Zahari Affandi | |
| 245 | 1 | 0 | |a Sketsa Semalam |c Zahari Affandi |
| 260 | |a Kuala Lumpur : |b DBP , |c 1991 | ||
| 300 | |a 122p. ; |c 18cm. | ||
| 490 | 0 | |a Novel remaja | |
| 650 | 0 | 0 | |a Children's stories, Malay |
| 999 | |a 054975 |b BUKU |c FICTION |e PERPUSTAKAAN KOMUNITI CAW KOTA DAMANSARA | ||